Catalog

Record Details

Catalog Search



Available copies

  • 2 of 2 copies available at LARL/NWRL Consortium.
  • 2 of 2 copies available at Lake Agassiz Regional Library. (Show preferred library)

Current holds

0 current holds with 2 total copies.

Show Only Available Copies
Location Call Number / Copy Notes Barcode Shelving Location Status Due Date
Barnesville Public Library SF BEA (Text) 33500014379762 New Available -
Mahnomen Public Library SF BEA (Text) 33500014379770 New Available -

Record details

  • ISBN: 9780593638972
  • ISBN: 0593638972
  • Physical Description: 372 pages : illustrations ; 24 cm
  • Publisher: New York : Ace, 2026.

Content descriptions

Summary, etc.:
Two hundred years before the common era, Aphrodite ... Read More
Subject: Aphrodite (Greek deity) > Fiction.
Goddesses, Greek > Fiction.
Beauty, Personal > Fiction.
Goddesses in art > Fiction.
Genre: Mythological fiction.
Romance fiction.
Fantasy fiction.
Novels.
Fiction.
LDR 03164cam a22006018i 4500
001485072
003LARL_NWRL_CONSORTIUM
00520260519180009.0
008251218s2026 nyu e 000 1 eng
007ta
010 . ‡a 2025043334
040 . ‡aDLC ‡beng ‡erda ‡cDLC ‡dOCLCO ‡dQJK ‡dIH9 ‡dRNL ‡dOCLCO ‡dZGR
020 . ‡a9780593638972 ‡q(hardcover)
020 . ‡a0593638972 ‡q(hardcover)
020 . ‡z9780593638989 ‡q(ebook)
035 . ‡a(OCoLC)1529914242
042 . ‡apcc
08204. ‡a813.6 ‡223/eng/20260420
1001 . ‡aBear, Lauren J. A., ‡eauthor. ‡4aut ‡4http://id.loc.gov/vocabulary/relators/aut ‡1http://id.loc.gov/rwo/agents/n2022058502
24510. ‡aAphrodite in pieces / ‡cLauren J.A. Bear.
264 1. ‡aNew York : ‡bAce, ‡c2026.
264 4. ‡c©2026
300 . ‡a372 pages : ‡billustrations ; ‡c24 cm
334 . ‡asingle unit ‡bmono ‡0http://id.loc.gov/vocabulary/issuance/mono
336 . ‡atext ‡btxt ‡2rdacontent ‡0http://id.loc.gov/vocabulary/contentTypes/txt
336 . ‡astill image ‡bsti ‡2rdacontent
337 . ‡aunmediated ‡bn ‡2rdamedia ‡0http://id.loc.gov/vocabulary/mediaTypes/n
338 . ‡avolume ‡bnc ‡2rdacarrier ‡0http://id.loc.gov/vocabulary/carriers/nc
520 . ‡aTwo hundred years before the common era, Aphrodite surprises an itinerant sculptor with a shocking request: Hear my story, see me for who I truly am, and carve it into stone. Never before has the goddess posed for her likeness, and as the artist works, she shares pieces of herself. Her greatest triumphs and most grievous mistakes. The truth behind the tales of her beneficence and vengeance. And the one epic romance that slips through her perfect fingers, time and time again. Part memoir, part fantasy, and all heart, Aphrodite in Pieces begs the eternal, essential questions: what do love and beauty truly mean? And can they last?
60000. ‡aAphrodite ‡c(Greek deity) ‡vFiction.
650 0. ‡aGoddesses, Greek ‡vFiction.
650 0. ‡aBeauty, Personal ‡vFiction. ‡0(LARL_NWRL_CONSORTIUM)163729
650 0. ‡aGoddesses in art ‡vFiction.
655 7. ‡aMythological fiction. ‡2lcgft
655 7. ‡aRomance fiction. ‡2lcgft
655 7. ‡aFantasy fiction. ‡2lcgft
655 7. ‡aNovels. ‡2lcgft
655 7. ‡aFiction. ‡2lcgft
758 . ‡1http://id.loc.gov/resources/instances/in00024368888
758 . ‡4http://id.loc.gov/ontologies/bibframe/instanceOf ‡1http://id.loc.gov/resources/works/in00024368888
77608. ‡iOnline version: ‡4http://id.loc.gov/entities/relationships/onlineversion ‡aBear, Lauren J. A. ‡tAphrodite in pieces ‡dNew York : Ace, 2026 ‡z9780593638989 ‡w(DLC) 2025043335
884 . ‡aDLC bibframe2marc v3.1-dev ‡g20251218 ‡qDLC ‡uhttps://github.com/lcnetdev/bibframe2marc/tree/v3.1-dev
901 . ‡a485072 ‡bOCoLC ‡c485072 ‡tbiblio ‡soclc

Additional Resources